• 首页
  • 本馆介绍
  • 公告通知
  • 最新文献
  • 馆藏检索
  • 电子资源
  • 读者导购
  • 参考咨询
  • 我的图书馆
  • 登录
  • 详细信息显示
  • 放入我的书架
  • 预约/预借图书
  • 作者相关作品
  • 分类相关作品
  • 丛书相关作品
  • 出版社相关作品

书目信息

  • 表格格式
  • 工作单格式
  • 卡片格式
题名:
长兴学记
    
 
作者: 康有为 著 ;楼宇烈 整理
分册:  
出版信息: 北京   中华书局  2012.7
页数: 290页
开本: 20cm
丛书名: 康有为学术著作选
单 册:
中图分类: B258.1
科图分类:
主题词:
电子资源:
ISBN: 978-7-101-00026-9
000 00861nam0 2200301 450
001 339158
005 20150604093800.21
010    @a978-7-101-00026-9@dCNY29.00
100    @a20130329d1988 m y0chiy0110 ea
101 0  @achi
102    @aCN@b110000
105    @ay z 000yy
106    @ar
200 1  @a长兴学记@Achang xing xue ji@f康有为著@g楼宇烈整理
210    @a北京@c中华书局@d2012.7
215    @a290页@d20cm
225 2  @a康有为学术著作选
300    @a本书与《桂学答问》、《万木草堂口说》合订
410  0 @12001 @a康有为学术著作选
517 1  @a桂林答问
517 1  @a万木草堂口说
600  0 @a康有为@f(1858-1927)@x文集
600  0 @a康有为@f(1858-1927)
690    @aB258.1@v5
701  0 @a康有为@Akang you wei@f(1858-1927)@4著
702  0 @a楼宇烈@Alou yu lie@f(1934-)@4整理
801  0 @aCN@b卓展宏图@c20150525
905    @dB258.1@e61@f5
    
    长兴学记/康有为著/楼宇烈整理.-北京:中华书局,2012.7
    290页;20cm.-(康有为学术著作选)
    本书与《桂学答问》、《万木草堂口说》合订
    
    ISBN 978-7-101-00026-9:CNY29.00
    
●
相关链接 在E读中查询图书 在五车中查询图书 在当当中查询图书 在豆瓣中查询图书


正题名:长兴学记     索取号:B258.1/61         预约/预借

序号 登录号 条形码 馆藏地/架位号 状态 备注
1 859661   208596615   第一样本阅览室/ [索取号:B258.1/61] 在馆    
2 859662   208596624   教育系资料室/ [索取号:B258.1/61] 在馆    
3 859663   208596633   教育系资料室/ [索取号:B258.1/61] 在馆    
4 859664   208596642   第一借阅区/ [索取号:B258.1/61] 在馆    
5 859665   208596651   第一借阅区/ [索取号:B258.1/61] 在馆    
唐山师范学院图书馆 欢迎您!
大连网信软件有限公司© 版权所有